000 00624nas a2200229 4500
001 BR9603993
003 BR-BrBNA
005 20231205100024.0
007 ta
008 230509b bl.|||p| |||| 00| 00por d
040 _aBR-BrBNA
_bpor
_cBiblioteca Nacional de Agricultura
041 _a(Pt)
072 _aL01
100 1 _aGrigoletti, C.
245 1 _aSistema de aquecimento tipo estufa
650 _aAve Domestica
650 _aEstufa
650 _aAquecimento
773 0 _tRevista Batavo (Brazil)
_x
_g(Aug 1994), v. 3(34) p. 16-17
_wBR9603993
909 _a202311
_bLúcia
_c55
_dLúcia Elande
942 _2AGRIS
_n0
_cANA
999 _c153966
_d153966